000 00194nam a2200085 4500
001 1241612
005 20251013115903.0
245 _aÖMER SEYFETTİN SEÇMELER
_cÖMER SEYFETTİN
260 _bAKVARYUM
999 _c1241612
_d1241612